[Event "Fuerteventura op"]
[Site "Fuerteventura"]
[Date "1992.??.??"]
[Round "?"]
[White "Barredo Duran, Luis"]
[Black "Perez, Andres"]
[Result "1/2-1/2"]
[WhiteElo "2235"]
[BlackElo "2245"]
[PlyCount "41"]
[EventDate "1992.??.??"]
[EventType "swiss"]
[EventRounds "11"]
[EventCountry "CUB"]
[SourceTitle "EXT 1999"]
[Source "ChessBase"]
[SourceDate "1998.11.16"]
[SourceVersion "1"]
[SourceVersionDate "1998.11.16"]
[SourceQuality "1"]

1. d4 Nf6 2. Nf3 g6 3. c4 Bg7 4. Nc3 0-0 5. e4 d6 6. Be2 e5 7. 0-0 exd4 8. Nxd4 Re8 9. f3 c6 10. Nc2 Be6 11. Bg5 h6 12. Bh4 g5 13. Bf2 d5 14. exd5 cxd5 15. c5 Nc6 16. Nb5 Nh5 17. Nd6 Re7 18. g3 b6 19. Bb5 Ne5 20. f4 gxf4 21. Nd4 1/2-1/2